| 000 | 00746nam a2200169 a 4500 | ||
|---|---|---|---|
| 008 | 130124s2012 ||||||||||||||||| || u | ||
| 050 | _aTHESIS/HRM | ||
| 100 | _aKabezia, Gertrude Nawa | ||
| 245 | 1 | 2 |
_aA study of the effects of casualisation on employees in Ndola district _cby Gertrude Nawa Kabezia |
| 260 |
_aKitwe: _bCopperbelt University, School of Business, Department of Postgraduate studies _c2012 |
||
| 300 | _axi, 119p.: ill. | ||
| 500 | _aBibliography | ||
| 650 | _aCASUALISATION--EFFECTS ON--EMPLOYEES | ||
| 650 | _aINFORMAL EMPLOYMENT--RESEARCH | ||
| 650 | _aINFORMAL SECTOR--ECONOMICS--ZAMBIA | ||
| 995 |
_FCBU-MAIN LIBRARY (Kitwe) _M1 _UAVAILABLE _WJan 24, 2013 _ZUniversity Collection |
||
| 999 |
_c58901 _d58901 |
||